LEADER 01488nam 2200481 c 450 001 9910466570103321 005 20200406145718.0 010 $a1-78743-283-1 010 $a1-78743-922-4 035 $a(CKB)4100000006996067 035 $a(MiAaPQ)EBC5530895 035 $a(PPN)232643253 035 $a(EXLCZ)994100000006996067 100 $a20181018d2018 uy 0 101 0 $aeng 135 $aurcnu|||||||| 181 $ctxt$2rdacontent 182 $cc$2rdamedia 183 $acr$2rdacarrier 200 00$aBureaucracy and society in transition $ecomparative perspectives$fedited by Haldor Byrkjeflot, Fredrick Engelstad 210 1$aBingley, UK$cEmerald Publishing$d2018 215 $a1 online resource (315 pages) 225 1 $aComparative Social Research$vVolume 33 311 $a1-78754-929-1 311 $a1-78743-284-X 410 0$aComparative social research ;$vVolume 33.$x0195-6310 606 $aBureaucracy 606 $aPublic administration 608 $aElectronic books. 610 0$aoffentlig forvaltning$aoffentlig administrasjon$abyråkrati 615 0$aBureaucracy. 615 0$aPublic administration. 676 $a302.35 702 $aByrkjeflot$b Haldor$4edt 702 $aEngelstad$b Fredrik$f1944-$4edt 801 0$bMiAaPQ 801 1$bMiAaPQ 801 2$bMiAaPQ 801 2$bNO-TrBIB 906 $aBOOK 912 $a9910466570103321 996 $aBureaucracy and society in transition$92000622 997 $aUNINA